Województwa z największymi wydatkami na mieszkańca - nagła śmierć - Statystyki

Ogólne statystyki
  • Ten quiz został rozwiązany 13 razy
  • Średni wynik to 2 z 6
Answers on the Grid
Answers color-coded by a green-red scale on the quiz's grid according to % correct below.
dolnośląskie
kujawsko-pomorskie
lubelskie
lubuskie
łódzkie
małopolskie
mazowieckie
opolskie
podkarpackie
podlaskie
pomorskie
śląskie
świętokrzyskie
warmińsko-mazurskie
wielkopolskie
zachodniopomorskie
 
Statystyki odpowiedzi
Odpowiedź % Poprawnych
2 149,89 dolnośląskie
70%
2 155,08 mazowieckie
70%
1 988,83 śląskie
50%
2 017,87 pomorskie
30%
1 908,28 zachodniopomorskie
10%
1 923,49 kujawsko-pomorskie
0%
Nie znaleziono quizów pasujących do podanych kryteriów
Rozkład punktacji
Procent ludzi z każdym wynikiem
Percentyl według liczby udzielonych odpowiedzi
Twoja historia wyników
Nie rozwiązałeś tego quizu